Central Library OPAC University of Rajshahi
Normal view MARC view

Entry Topical Term

Number of records used in: 3

001 - CONTROL NUMBER

  • control field: 9391

003 - CONTROL NUMBER IDENTIFIER

  • control field: BD-RjUL

005 - DATE AND TIME OF LATEST TRANSACTION

  • control field: 20231008102937.0

008 - FIXED-LENGTH DATA ELEMENTS

  • fixed length control field: 231008|| aca||aabn | a|a d

040 ## - CATALOGING SOURCE

  • Original cataloging agency: BD-RjUL
  • Transcribing agency: BD-RjUL

150 ## - HEADING--TOPICAL TERM

  • Topical term or geographic name entry element: Potato
  • Form subdivision: Food and Drink
  • General subdivision: Plant Crops

670 ## - SOURCE DATA FOUND

  • Source citation: Work cat.: (BD-RjUL)82057: Mondal, Md. Azmal Hossain 9390, Effect of Plant Growth Regulators and Micro-Nutrients on Yield, Quality Seed Production and Storage of potato in Tista Floodplain Soils of Bangladesh /, 2013